Loading...
Selected prose and poetry/
| Main Author: | |
|---|---|
| Format: | Printed Book |
| Published: |
Oxford:
Clarendon,
[1952]
|
| Subjects: |
| LEADER | 00413cam a2200133u 4500 | ||
|---|---|---|---|
| 082 | |a 828.6 |b JOH-S | ||
| 100 | 1 | |a Johnson, Samuel, | |
| 245 | 0 | 0 | |a Selected prose and poetry/ |
| 260 | |a Oxford: |b Clarendon, |c [1952] | ||
| 300 | |a 195p. | ||
| 650 | |a English literature | ||
| 942 | |c BK | ||
| 999 | |c 53081 |d 53081 | ||
| 952 | |0 0 |1 0 |4 0 |6 828_600000000000000_JOHS |7 0 |9 67165 |a KU |b KU |d 2019-01-22 |l 0 |o 828.6 JOH-S |p EN09121 |r 2019-01-22 |w 2019-01-22 |y BK | ||